| 000 | 00959 a2200253 4500 | ||
|---|---|---|---|
| 001 | 120086 | ||
| 020 | _a9781408315231 | ||
| 040 | _cEscola Canadense de Niteroi | ||
| 090 | _aBLA | ||
| 100 | _aBlade, Adam | ||
| 245 | 1 | 0 | _aBeast Quest: Doomskull the king of fear |
| 250 | _a1st. ed. | ||
| 260 | _aUnited Kingdom | ||
| 300 |
_a128 p. _c3 x 0.4 x 7.8 inches |
||
| 362 | 0 | _a2014 | |
| 490 | 0 | _aBeast Quest: master of the beasts | |
| 520 | _aBattle fearsome beasts and fight evil with Tom and Elenna in the bestselling adventure series for boys and girls aged 7 and up. Doomskull the King of Fear, Malvel's most terrifying Beast yet, has kidnapped King Hugo! If Tom fails to save him, Avantia is doomed. Tom must fight harder than he has ever done before to win the day! | ||
| 650 | 4 | _aGood and evil | |
| 650 | 4 | _aChildren's Literature | |
| 650 | 4 | _aFantasy | |
| 650 | 4 | _aAction or Adventure | |
| 650 | 4 | _aQuests (Expeditions) | |
| 942 | _cBK | ||
| 999 |
_c120086 _d120086 |
||